Paroles d'un vivant

Saved in:  
Bibliographic Details
Main Author: Beaumont, Gabriel de 1811-1887 (Author)
Contributors: Naville, Ernest 1816-1909 (Author of introduction, etc.)
Format: Print Book
Language:French
Subito Delivery Service: Order now.
Check availability: HBZ Gateway
WorldCat: WorldCat
Interlibrary Loan:Interlibrary Loan for the Fachinformationsdienste (Specialized Information Services in Germany)
Published: Paris Alcan 1900
In:Year: 1900
Reviews:Beaumont, Gabriel de, Paroles d‘un Vivant (1901) (Lobstein, Paul, 1850 - 1922)

MARC

LEADER 00000cam a22000002c 4500
001 1408856581
003 DE-627
005 20240503205822.0
007 tu
008 110317s1900 xx ||||| 00| ||fre c
035 |a (DE-627)1408856581 
035 |a (DE-576)338856587 
035 |a (DE-599)BSZ338856587 
035 |a (OCoLC)493450437 
035 |a (OCoLC)493450437 
040 |a DE-627  |b ger  |c DE-627  |e rakwb 
041 |a fre 
084 |a 1  |2 ssgn 
100 1 |0 (DE-588)124635288  |0 (DE-627)706677447  |0 (DE-576)215817745  |4 aut  |a Beaumont, Gabriel de  |d 1811-1887 
109 |a Beaumont, Gabriel de 1811-1887  |a Beaumont, Gabriel Bouthillier de 1811-1887  |a Bouthillier de Beaumont, Gabriel 1811-1887  |a Beaumont, Charles-Gabriel de 1811-1887 
245 1 0 |a Paroles d'un vivant  |c Gabriel de Beaumont. Préface de M. Ernest Naville, avec une notice biographique et deux portraits de l'auteur en phototypie 
264 1 |a Paris  |b Alcan  |c 1900 
300 |a XXXV, 230 S. 
336 |a Text  |b txt  |2 rdacontent 
337 |a ohne Hilfsmittel zu benutzen  |b n  |2 rdamedia 
338 |a Band  |b nc  |2 rdacarrier 
583 1 |a Archivierung prüfen  |c 20200919  |f DE-640  |z 1  |2 pdager 
583 1 |a Archivierung/Langzeitarchivierung gewährleistet  |f SLG  |x XA-DE-BW  |z Schlossbibliothek Baden-Baden  |2 pdager  |5 DE-31 
700 1 |e Vorr.  |0 (DE-588)119203693  |0 (DE-627)135424321  |0 (DE-576)162350686  |4 aui  |a Naville, Ernest  |d 1816-1909 
787 0 8 |i Rezension  |a Lobstein, Paul, 1850 - 1922  |t Beaumont, Gabriel de, Paroles d‘un Vivant  |d 1901  |w (DE-627)1476216665  |w (DE-576)406216665 
951 |a BO 
ELC |b 1 
ORI |a SA-MARC-ixtheo_oa001.raw